000 00578nam a22001815i 4500
001 166894
003 ES-MaACL
005 20231223063112.0
008 960320s1882 sp |||| | spa d
080 _a821.134.2-95"18"
100 1 _aValera, Juan,
_d1824-1905
_9112638
245 1 0 _aDisertaciones y juicios literarios /
_cJuan Valera.
260 _aSevilla :
_bFrancisco Álvarez y Cª,
_c1882.
300 _a2 v. (322 ; 366 p.) ;
_c15 cm.
650 _aLiteratura-
_xHistoria y crítica.
_914489
852 4 _aES-MaACL
_jG-13379-80
_z- Enc. hol.
999 _c166894
_d166894